书目信息 |
| 题名: |
语音增强及心音降噪算法研究
|
|
| 作者: | 许春冬 , 王吉源 , 凌贤鹏 著 | |
| 分册: | ||
| 出版信息: | 北京 电子工业出版社 2021 |
|
| 页数: | 158页 | |
| 开本: | 24cm | |
| 丛书名: | 江西理工大学清江学术文库 | |
| 单 册: | ||
| 中图分类: | TN912.3 , TN912 | |
| 科图分类: | ||
| 主题词: | 音频信号处理 | |
| 电子资源: | ||
| ISBN: | 978-7-121-27654-5 | |
| 000 | 01204oam2 2200277 450 | |
| 001 | 2267996404 | |
| 005 | 20221007185411.36 | |
| 010 | @a978-7-121-27654-5@dCNY49.00 | |
| 100 | @a20220212d2021 em y0chiy50 ea | |
| 101 | 0 | @achi |
| 102 | @aCN@b110000 | |
| 105 | @aa z 000yy | |
| 200 | 1 | @a语音增强及心音降噪算法研究@9yu yin zeng qiang ji xin yin jiang zao suan fa yan jiu@f许春冬,王吉源,凌贤鹏著 |
| 210 | @a北京@c电子工业出版社@d2021 | |
| 215 | @a158页@c图@d24cm | |
| 225 | 1 | @a江西理工大学清江学术文库 |
| 330 | @a本书共分为10章,主要内容包括绪论、基于高斯混合模型的非监督在线建模噪声功率谱估计、结合优化U-Net和残差网络的单通道语音增强算法、基于差分麦克风阵列的变步长LMS语音增强算法、语音频带扩展研究综述、基于时间卷积神经网络的语音频带扩展、基于编解码器网络的语音频带扩展、基于时频感知神经网络的语音频带扩展、IMCR4-OMLSA噪声动态估计下的心音降噪、结合SVM和香农能量的HSMM心音分割方法。 | |
| 461 | 0 | @12001 @a江西理工大学清江学术文库 |
| 606 | 0 | @a音频信号处理 |
| 690 | @aTN912.3@v5 | |
| 690 | @aTN912@v4 | |
| 701 | 0 | @a许春冬@9xu chun dong@4著 |
| 701 | 0 | @a王吉源@9wang ji yuan@4著 |
| 701 | 0 | @a凌贤鹏@9ling xian peng@4著 |
| 801 | 0 | @aCN@b91MARC@c20220225 |
| 905 | @aZUCC@dTN912@e44 | |
| 语音增强及心音降噪算法研究/许春冬,王吉源,凌贤鹏著.-北京:电子工业出版社,2021 |
| 158页:图;24cm.-(江西理工大学清江学术文库) |
| ISBN 978-7-121-27654-5:CNY49.00 |
| 本书共分为10章,主要内容包括绪论、基于高斯混合模型的非监督在线建模噪声功率谱估计、结合优化U-Net和残差网络的单通道语音增强算法、基于差分麦克风阵列的变步长LMS语音增强算法、语音频带扩展研究综述、基于时间卷积神经网络的语音频带扩展、基于编解码器网络的语音频带扩展、基于时频感知神经网络的语音频带扩展、IMCR4-OMLSA噪声动态估计下的心音降噪、结合SVM和香农能量的HSMM心音分割方法。 |
| ● |
| 相关链接 |
|
|
|
正题名:语音增强及心音降噪算法研究
索取号:TN912/44
 
预约/预借
| 序号 | 登录号 | 条形码 | 馆藏地/架位号 | 状态 | 备注 |
| 1 | 2000912185 | 2000912185 | 第三书库/ [索取号:TN912/44] | 在馆 | |
| 2 | 2000912186 | 2000912186 | 第三书库/ [索取号:TN912/44] | 在馆 | |
| 3 | 2000912187 | 2000912187 | 第三书库/ [索取号:TN912/44] | 在馆 |